1994 Year Book of Emergency Medicine (Record no. 2899)

000 -LEADER
fixed length control field 00610nam a22002177a 4500
003 - CONTROL NUMBER IDENTIFIER
control field OSt
005 - DATE AND TIME OF LATEST TRANSACTION
control field 20210726073431.0
008 - FIXED-LENGTH DATA ELEMENTS--GENERAL INFORMATION
fixed length control field 210726b ||||| |||| 00| 0 eng d
020 ## - INTERNATIONAL STANDARD BOOK NUMBER
International Standard Book Number 02177964
020 ## - INTERNATIONAL STANDARD BOOK NUMBER
International Standard Book Number 0815190654
040 ## - CATALOGING SOURCE
Transcribing agency ALUPE UNIVERSITY
050 ## - LIBRARY OF CONGRESS CALL NUMBER
Classification number RC86
Item number .W34 1994
100 ## - MAIN ENTRY--PERSONAL NAME
Personal name David K Wagner
245 ## - TITLE STATEMENT
Title 1994 Year Book of Emergency Medicine
260 ## - PUBLICATION, DISTRIBUTION, ETC.
Place of publication, distribution, etc. St. Louis,
Name of publisher, distributor, etc. Mosby Year Book,
Date of publication, distribution, etc. ©1991.
300 ## - PHYSICAL DESCRIPTION
Extent xix ,484p.;
Other physical details ill.;
Dimensions 22cm
500 ## - GENERAL NOTE
General note includes index.
650 ## - SUBJECT ADDED ENTRY--TOPICAL TERM
Topical term or geographic name entry element Emergency medicine, Medical emergencies.
700 ## - ADDED ENTRY--PERSONAL NAME
Personal name William P Burdick
942 ## - ADDED ENTRY ELEMENTS (KOHA)
Source of classification or shelving scheme
Koha item type Book
Suppress in OPAC JO
Holdings
Withdrawn status Lost status Source of classification or shelving scheme Damaged status Not for loan Permanent Location Current Location Shelving location Date acquired Source of acquisition Total Checkouts Full call number Barcode Date last seen Price effective from Koha item type Public note
          AU LIBRARY AU LIBRARY Open Shelf 26.07.2021 DONATION FROM MOI UNIVERSITY   RC86 .W34 1994 28002287 26.07.2021 26.07.2021 Book JO

Powered by Koha